[Event "PRVA LIGA CENTRALNE SRBIJE 2015"]
[Site "Kragujevac"]
[Date "2015.09.09"]
[Round "7.5"]
[White "Stankovic, Dragan P"]
[Black "Organdziev, Oliver"]
[Result "1/2-1/2"]
[WhiteElo "2254"]
[BlackElo "2307"]
[PlyCount "29"]
[EventDate "2015.09.05"]

1. d4 d5 2. c4 Bf5 3. cxd5 Bxb1 4. Qa4+ Qd7 5. Qxd7+ Nxd7 6. Rxb1 Ngf6 7. Nf3
Nxd5 8. e4 N5f6 9. Bd3 a5 10. O-O e6 11. Rd1 c6 12. h3 Be7 13. Be3 O-O 14. Rbc1
Rfe8 15. Bb1 1/2-1/2

[Event "PRVA LIGA CENTRALNE SRBIJE 2015"]
[Site "Kragujevac"]
[Date "2015.09.09"]
[Round "7.6"]
[White "Milosavljevic, Ivan"]
[Black "Dimitrijevic, Srdjan"]
[Result "1/2-1/2"]
[WhiteElo "2087"]
[BlackElo "2258"]
[PlyCount "105"]
[EventDate "2015.09.05"]

1. e4 c5 2. Nf3 Nc6 3. d4 cxd4 4. Nxd4 Nf6 5. Nc3 d6 6. f3 e6 7. Be3 a6 8. Qd2
Bd7 9. Bc4 Rc8 10. Bb3 Na5 11. O-O-O Nc4 12. Bxc4 Rxc4 13. g4 b5 14. Kb1 Be7
15. h4 Qb8 16. h5 h6 17. g5 hxg5 18. Bxg5 b4 19. Nce2 Rc5 20. Bxf6 Bxf6 21. h6
Rxh6 22. Rxh6 gxh6 23. Qxh6 Ke7 24. f4 Qh8 25. Qxh8 Bxh8 26. Ng3 Rc8 27. f5 Rg8
28. fxe6 fxe6 29. Nde2 Be5 30. Rg1 Rg4 31. a3 bxa3 32. bxa3 Bc6 33. Ka2 Bxg3
34. e5 Bd5+ 35. Kb1 Bf3 36. Nxg3 d5 37. Kc1 Rg5 38. Ne2 Rxg1+ 39. Nxg1 Bg4 40.
Kd2 Kd7 41. Ke3 Kc6 42. Kf4 Bd1 43. c3 Kb5 44. Nh3 Kc4 45. Ng5 Kxc3 46. Nxe6 d4
47. Nc5 a5 48. e6 Bh5 49. e7 Kc4 50. Ne4 Kb3 51. Nd6 d3 52. Ke3 Kc2 53. Ne4
1/2-1/2

[Event "PRVA LIGA CENTRALNE SRBIJE 2015"]
[Site "Kragujevac"]
[Date "2015.09.09"]
[Round "7.6"]
[White "Dinev, Dejan"]
[Black "Djukic, Nebojsa"]
[Result "1-0"]
[WhiteElo "2299"]
[BlackElo "2174"]
[PlyCount "79"]
[EventDate "2015.09.05"]

1. d4 e6 2. c4 Nf6 3. Nf3 d5 4. Nc3 Be7 5. cxd5 exd5 6. Bg5 c6 7. e3 Bf5 8. Bd3
Bxd3 9. Qxd3 Nbd7 10. O-O O-O 11. a3 h6 12. Bh4 a6 13. Nd2 Nh5 14. Bg3 Nxg3 15.
hxg3 f5 16. f4 Qc8 17. Nf3 Nf6 18. Rae1 Qe6 19. Ne5 Ne4 20. Nxe4 fxe4 21. Qb3
Rab8 22. Qd1 Bd6 23. Qg4 Rf5 24. Qe2 h5 25. g4 hxg4 26. Nxg4 Rbf8 27. g3 Kf7
28. Kg2 Ke8 29. Rh1 g5 30. Rh6 Qe7 31. Reh1 gxf4 32. exf4 Bxf4 33. Rh7 Qe6 34.
Rxb7 e3 35. Rhh7 Bd6 36. Qxa6 Rf2+ 37. Kh3 Qc8 38. Rbe7+ Kd8 39. Qb6+ Bc7 40.
Rxc7 1-0

[Event "PRVA LIGA CENTRALNE SRBIJE 2015"]
[Site "Kragujevac"]
[Date "2015.09.09"]
[Round "7.6"]
[White "Mladenovic, Stefan"]
[Black "Krstic, Ranko"]
[Result "1/2-1/2"]
[WhiteElo "2326"]
[BlackElo "2217"]
[PlyCount "62"]
[EventDate "2015.09.05"]

1. d4 Nf6 2. Nf3 d6 3. g3 c6 4. Bg2 Nbd7 5. O-O Qc7 6. c4 g6 7. Nc3 Bg7 8. e4
O-O 9. h3 b6 10. Be3 Bb7 11. Rc1 Rad8 12. Ne1 e5 13. d5 c5 14. Nd3 a6 15. f4
exf4 16. gxf4 Rde8 17. Bf2 Bc8 18. Bf3 h6 19. Bg3 Nh7 20. Qd2 f5 21. exf5 gxf5
22. Rce1 Ndf6 23. Rxe8 Rxe8 24. Re1 Qd8 25. Bh4 Bd7 26. a4 Rxe1+ 27. Qxe1 Qe8
28. Qxe8+ Bxe8 29. b3 Nf8 30. Ne2 Ng6 31. Be1 a5 1/2-1/2

[Event "PRVA LIGA CENTRALNE SRBIJE 2015"]
[Site "Kragujevac"]
[Date "2015.09.09"]
[Round "7.6"]
[White "Jovic, Stanoje"]
[Black "Livaja, Mario"]
[Result "1-0"]
[WhiteElo "2290"]
[BlackElo "2246"]
[PlyCount "81"]
[EventDate "2015.09.05"]

1. c4 c5 2. Nf3 Nc6 3. Nc3 g6 4. g3 Bg7 5. Bg2 d6 6. a3 a5 7. Rb1 e5 8. d3 Nge7
9. O-O O-O 10. e4 Bd7 11. b3 Nd4 12. Nxd4 cxd4 13. Ne2 b5 14. f4 Rb8 15. Bd2 f5
16. Qe1 a4 17. Bb4 Be6 18. cxb5 Bxb3 19. Rxb3 axb3 20. a4 Qd7 21. Qb1 Qe6 22.
Nc1 Kh8 23. Qxb3 Qd7 24. Ne2 fxe4 25. Bxe4 Bh6 26. Bd2 g5 27. fxg5 Qg4 28. gxh6
Qxe2 29. Qd1 Rxf1+ 30. Qxf1 Qxf1+ 31. Kxf1 d5 32. Bg2 Kg8 33. Bb4 Kf7 34. Bxe7
Kxe7 35. Bxd5 Kd6 36. Be4 Kc5 37. g4 Rf8+ 38. Kg2 Rf4 39. h3 Rf7 40. g5 Ra7 41.
h4 1-0

[Event "PRVA LIGA CENTRALNE SRBIJE 2015"]
[Site "Kragujevac"]
[Date "2015.09.09"]
[Round "7.6"]
[White "Todorovic, Nenad I"]
[Black "Milosevic, Zoran"]
[Result "1-0"]
[WhiteElo "2197"]
[BlackElo "2238"]
[PlyCount "63"]
[EventDate "2015.09.05"]

1. e4 c5 2. Nf3 e6 3. d4 cxd4 4. Nxd4 Nf6 5. Nc3 d6 6. Be3 a6 7. f3 b5 8. Qd2
Nbd7 9. g4 h6 10. O-O-O Bb7 11. h4 Nb6 12. Bd3 g6 13. e5 Nfd5 14. exd6 Bxd6 15.
Bxg6 Qf6 16. Ne4 Qxg6 17. Nxd6+ Kd7 18. Nxb7 Nc4 19. Qh2 Ncxe3 20. Qd6+ Ke8 21.
Rhe1 Rc8 22. Nc5 Rd8 23. Qe5 Rg8 24. Rxe3 Nxe3 25. Qxe3 Rd6 26. Qf4 Rd5 27.
Qb8+ Rd8 28. Qc7 Rd5 29. Nc6 Rxd1+ 30. Kxd1 Kf8 31. Qd8+ Kg7 32. Qxg8+ 1-0

[Event "PRVA LIGA CENTRALNE SRBIJE 2015"]
[Site "Kragujevac"]
[Date "2015.09.09"]
[Round "7.6"]
[White "Stojiljkovic, Stefan"]
[Black "Grkovic, Vladan"]
[Result "1/2-1/2"]
[WhiteElo "2134"]
[BlackElo "2167"]
[PlyCount "92"]
[EventDate "2015.09.05"]

1. e4 e6 2. d4 d5 3. Nd2 Nf6 4. e5 Nfd7 5. Bd3 c5 6. c3 Nc6 7. Ne2 cxd4 8. cxd4
f6 9. Nf4 Nxd4 10. Qh5+ Ke7 11. Ng6+ hxg6 12. exf6+ Nxf6 13. Qxh8 Kf7 14. Qh4
e5 15. Nf3 Nxf3+ 16. gxf3 Bf5 17. Bxf5 gxf5 18. O-O f4 19. Re1 Bd6 20. Qh3 Rc8
21. Bd2 Rc2 22. Rad1 Qb6 23. Qf5 Rxb2 24. Rxe5 Bxe5 25. Qxe5 Rb1 26. Rc1 Rxc1+
27. Bxc1 Qb1 28. Qxf4 a5 29. Kg2 Qg6+ 30. Kh1 Qd3 31. Kg2 Qc4 32. Qd2 b5 33.
Bb2 Qxa2 34. Qc3 Qb1 35. Qc7+ Kg6 36. Qg3+ Kh6 37. Qf4+ Kh7 38. Qh4+ Kg6 39.
Qg3+ Kf7 40. Qc7+ Kg6 41. Qg3+ Kh7 42. Qh4+ Kg8 43. Bxf6 gxf6 44. Qxf6 a4 45.
Qe6+ Kg7 46. Qe5+ Kf7 1/2-1/2